[Event "LSS No Engine Cup 116 Preliminary 4"]
[Site "LSS email"]
[Date "2014.08.22"]
[Round "?"]
[White "Lombardi, Donato"]
[Black "Stringa, Alejandro J"]
[Result "0-1"]
[WhiteElo "783"]
[BlackElo "1367"]
[PlyCount "50"]
[EventDate "2014.08.23"]
[EventType "tourn (corr)"]
[EventRounds "6"]
[EventCountry "GER"]
[SourceTitle "Corr 2015"]
[Source "ChessBase"]
[SourceDate "2015.07.17"]
[SourceVersion "1"]
[SourceVersionDate "2015.07.17"]
[SourceQuality "1"]

1. e4 c5 2. d4 cxd4 3. Qxd4 Nc6 4. Qe3 Nf6 5. Nc3 d6 6. Nf3 e6 7. Bd3 Be7 8. 0-0 0-0 9. Bd2 a6 10. Rad1 Qc7 11. Rfe1 b5 12. a3 Ng4 13. Qe2 Nge5 14. Bf4 Nxf3+ 15. Qxf3 Ne5 16. Bxe5 dxe5 17. h3 Bxa3 18. Nxb5 axb5 19. bxa3 Rxa3 20. Ra1 b4 21. Rxa3 bxa3 22. Qe3 Qc3 23. f4 a2 24. Qa7 Qxe1+ 25. Kh2 a1Q 0-1

[Event "SE-2014-0-00166"]
[Site "LSS email"]
[Date "2014.05.12"]
[Round "?"]
[White "Stringa, Alejandro J"]
[Black "Rocek, Vladimir"]
[Result "1-0"]
[WhiteElo "1376"]
[BlackElo "1029"]
[PlyCount "77"]
[EventDate "2014.03.31"]
[EventType "tourn (corr)"]
[EventRounds "6"]
[EventCountry "GER"]
[SourceTitle "Corr 2015"]
[Source "ChessBase"]
[SourceDate "2015.07.17"]
[SourceVersion "1"]
[SourceVersionDate "2015.07.17"]
[SourceQuality "1"]

1. d4 Nf6 2. c4 e5 3. dxe5 Ng4 4. Nf3 Nc6 5. Bf4 Bb4+ 6. Nbd2 Qe7 7. e3 Ngxe5 8. Nxe5 Nxe5 9. Be2 0-0 10. 0-0 Ng6 11. Bg3 a5 12. Bxc7 d6 13. Bb6 Nh4 14. Nf3 Re8 15. Qb3 Bd7 16. a3 Bc5 17. Bxc5 dxc5 18. Nxh4 Qxh4 19. Qxb7 Be6 20. Qb5 Reb8 21. Qxc5 Rxb2 22. Bf3 Rc8 23. Qxa5 Bxc4 24. Rac1 g6 25. Bd5 Rbb8 26. Qa4 Rc5 27. Rxc4 Rxc4 28. Qxc4 Qxc4 29. Bxc4 Ra8 30. Ra1 Kg7 31. a4 h5 32. a5 Ra7 33. a6 f6 34. Rb1 Kh6 35. Rb7 Ra8 36. a7 Kg5 37. Bd5 f5 38. f4+ Kh6 39. Rh7+ 1-0

[Event "LSS No Engine Cup 104 Preliminary 7"]
[Site "LSS email"]
[Date "2014.02.16"]
[Round "?"]
[White "Perez, Giorgio"]
[Black "Stringa, Alejandro J"]
[Result "1/2-1/2"]
[WhiteElo "1508"]
[BlackElo "1366"]
[PlyCount "82"]
[EventDate "2014.02.17"]
[EventType "tourn (corr)"]
[EventRounds "6"]
[EventCountry "GER"]
[SourceTitle "Telechess CBM 167"]
[Source "ChessBase"]
[SourceDate "2015.07.13"]
[SourceVersion "1"]
[SourceVersionDate "2015.07.13"]
[SourceQuality "1"]

1. e4 c6 2. d4 d5 3. Nd2 dxe4 4. Nxe4 Bf5 5. Ng3 Bg6 6. h4 h6 7. Nf3 Nd7 8. h5 Bh7 9. Bd3 Bxd3 10. Qxd3 e6 11. Bf4 Qa5+ 12. Bd2 Qc7 13. 0-0-0 Ngf6 14. Qe2 0-0-0 15. Kb1 Bd6 16. Ne4 Nxe4 17. Qxe4 Nf6 18. Qe2 Rhe8 19. Ne5 c5 20. Bf4 Nd5 21. dxc5 Nxf4 22. cxd6 Rxd6 23. Qe4 Rxd1+ 24. Rxd1 Nd5 25. c4 Nf6 26. Qe3 Rd8 27. Rxd8+ Kxd8 28. g4 Ke7 29. f4 Qd6 30. Kc2 a6 31. Qf3 Qc7 32. b4 Nd7 33. Qe4 Nxe5 34. fxe5 f6 35. c5 Qc6 36. Kd3 fxe5 37. Qxc6 bxc6 38. Ke4 Kf6 39. a4 Ke7 40. Kxe5 Kd7 41. Kf4 Ke7 1/2-1/2

[Event "LSS No Engine Cup 104 Preliminary 7"]
[Site "LSS email"]
[Date "2014.02.16"]
[Round "?"]
[White "Stringa, Alejandro J"]
[Black "Verich, Oleg"]
[Result "1-0"]
[WhiteElo "1366"]
[BlackElo "1061"]
[PlyCount "73"]
[EventDate "2014.02.17"]
[EventType "tourn (corr)"]
[EventRounds "6"]
[EventCountry "GER"]
[SourceTitle "Telechess CBM 167"]
[Source "ChessBase"]
[SourceDate "2015.07.13"]
[SourceVersion "1"]
[SourceVersionDate "2015.07.13"]
[SourceQuality "1"]

1. d4 Nf6 2. c4 e6 3. Nf3 Bb4+ 4. Bd2 c5 5. Bxb4 cxb4 6. g3 0-0 7. Bg2 Qe7 8. 0-0 d6 9. Qb3 a5 10. a3 bxa3 11. Nxa3 Nc6 12. Rfd1 Nb4 13. Nc2 Nxc2 14. Qxc2 e5 15. b4 Qc7 16. dxe5 dxe5 17. c5 Be6 18. bxa5 Bd5 19. Qc3 Rfe8 20. Nd2 Bxg2 21. Kxg2 Nd7 22. Ne4 Re6 23. Rd6 Rxd6 24. cxd6 Qxc3 25. Nxc3 Ra6 26. Rb1 b6 27. Na4 Rxa5 28. Nxb6 Nxb6 29. Rxb6 Ra8 30. Kf3 f6 31. Ke4 Kf7 32. Rb7+ Kf8 33. Kf5 Re8 34. e4 Kg8 35. d7 Rd8 36. Ke6 Kf8 37. Rc7 1-0

[Event "SE-2013-0-00134"]
[Site "LSS email"]
[Date "2013.03.03"]
[Round "?"]
[White "Razo, Ryan Jose"]
[Black "Stringa, Alejandro J"]
[Result "0-1"]
[WhiteElo "1337"]
[BlackElo "1327"]
[PlyCount "74"]
[EventDate "2013.01.04"]
[EventType "tourn (corr)"]
[EventRounds "6"]
[EventCountry "GER"]
[SourceTitle "Telechess CBM 163"]
[Source "ChessBase"]
[SourceDate "2014.11.11"]
[SourceVersion "2"]
[SourceVersionDate "2014.11.11"]
[SourceQuality "1"]

1. Nf3 Nf6 2. c4 g6 3. Nc3 Bg7 4. e4 0-0 5. d4 d6 6. Be2 e5 7. d5 a5 8. Bg5 h6 9. Bh4 Na6 10. Nd2 Qe8 11. 0-0 Nh7 12. a3 f5 13. f3 Bd7 14. Bf2 b6 15. b3 f4 16. Rb1 g5 17. b4 axb4 18. axb4 h5 19. h3 Nf6 20. Nb5 g4 21. fxg4 hxg4 22. Bxg4 Nxg4 23. hxg4 Qg6 24. g5 Kf7 25. Qe2 Qxg5 26. Nf3 Qh5 27. Qd3 Bf6 28. Bxb6 cxb6 29. Nxd6+ Kg8 30. Nf5 Bxf5 31. exf5 Bg7 32. Nd2 Qxf5 33. Ne4 Nc7 34. d6 Ne6 35. Qd5 Kh7 36. Rbc1 Nd4 37. Rce1 f3 0-1

[Event "SE-2012-0-00108"]
[Site "LSS email"]
[Date "2012.05.22"]
[Round "?"]
[White "Willmann, Bernd"]
[Black "Stringa, Alejandro J"]
[Result "1-0"]
[WhiteElo "1850"]
[BlackElo "1340"]
[PlyCount "113"]
[EventDate "2012.04.10"]
[EventType "tourn (corr)"]
[EventRounds "6"]
[EventCountry "GER"]
[SourceTitle "Telechess CBM 159"]
[Source "ChessBase"]
[SourceDate "2014.03.17"]
[SourceVersion "1"]
[SourceVersionDate "2014.03.17"]
[SourceQuality "1"]

1. c4 e5 2. Nc3 Nf6 3. Nf3 Nc6 4. g3 Bb4 5. Bg2 0-0 6. 0-0 e4 7. Ne1 Bxc3 8. dxc3 h6 9. Nc2 Re8 10. Ne3 d6 11. a4 a5 12. Qc2 Qe7 13. Nd5 Nxd5 14. cxd5 Nd8 15. b3 Bf5 16. Be3 f6 17. Rac1 Nf7 18. c4 b6 19. h3 Qd7 20. Kh2 Ne5 21. Qd2 Rf8 22. f4 exf3 23. exf3 Rae8 24. g4 Bh7 25. f4 Nd3 26. Rc3 Nc5 27. Bxc5 dxc5 28. f5 Qd6+ 29. Kh1 Re5 30. Re3 Rfe8 31. Rfe1 g6 32. Be4 g5 33. Kg2 Kf7 34. Qf2 Ke7 35. h4 Kd8 36. Qg3 Kc8 37. Bd3 gxh4 38. Rxe5 Rxe5 39. Qxh4 Bg8 40. Be4 Qf8 41. Kf3 Qg7 42. Rh1 Qe7 43. Qe1 Qg7 44. Qe3 Qe7 45. Rxh6 Bf7 46. Qf4 Be8 47. Rh8 Kd7 48. Rh2 Kc8 49. Re2 Bf7 50. Bd3 Rxe2 51. Bxe2 Kd7 52. Kf2 Kc8 53. Bf3 Kd7 54. Qe3 Qd6 55. Kg2 Qe7 56. Qxe7+ Kxe7 57. Kg3 1-0

[Event "RE-2012-0-00091"]
[Site "LSS email"]
[Date "2012.03.02"]
[Round "?"]
[White "Perepechenko, Vladislav"]
[Black "Stringa, Alejandro J"]
[Result "1-0"]
[WhiteElo "1533"]
[BlackElo "1335"]
[PlyCount "65"]
[EventDate "2012.01.22"]
[EventType "tourn (corr)"]
[EventRounds "6"]
[EventCountry "GER"]
[SourceTitle "Telechess CBM 153"]
[Source "ChessBase"]
[SourceDate "2013.03.14"]
[SourceVersion "1"]
[SourceVersionDate "2013.03.14"]
[SourceQuality "1"]

1. d4 d5 2. c4 e6 3. Nc3 c6 4. Nf3 Nf6 5. e3 Nbd7 6. Bd3 dxc4 7. Bxc4 b5 8. Bd3 Bb7 9. 0-0 a6 10. e4 c5 11. d5 Qc7 12. Bc2 0-0-0 13. Qe2 exd5 14. Nxd5 Nxd5 15. exd5 c4 16. a4 b4 17. Bg5 f6 18. Be3 Ne5 19. Nxe5 fxe5 20. Rac1 Bxd5 21. Bd3 Kb8 22. Bxc4 Bxc4 23. Rxc4 Qb7 24. Rfc1 Be7 25. a5 Rc8 26. Bb6 Rxc4 27. Qxe5+ Ka8 28. Rxc4 Rc8 29. Rxc8+ Qxc8 30. h3 Bf6 31. Qe4+ Kb8 32. Be3 h6 33. Bf4+ 1-0

[Event "SE-2011-0-00089"]
[Site "LSS email"]
[Date "2011.10.26"]
[Round "?"]
[White "Tutov, Nikolay"]
[Black "Stringa, Alejandro J"]
[Result "1-0"]
[WhiteElo "1505"]
[BlackElo "1331"]
[PlyCount "45"]
[EventDate "2011.09.25"]
[EventType "tourn (corr)"]
[EventRounds "6"]
[EventCountry "GER"]
[SourceTitle "Telechess CBM 157"]
[Source "ChessBase"]
[SourceDate "2013.11.12"]
[SourceVersion "1"]
[SourceVersionDate "2013.11.12"]
[SourceQuality "1"]

1. e3 e5 2. d4 exd4 3. exd4 d5 4. Nf3 Nc6 5. Bb5 Bd6 6. 0-0 Bg4 7. c4 Nf6 8. Re1+ Be7 9. Qe2 Bxf3 10. gxf3 Qd7 11. Nc3 a6 12. Bxc6 bxc6 13. Bg5 Kd8 14. cxd5 cxd5 15. Rac1 h6 16. Bf4 Re8 17. Be5 Ra7 18. Qc2 Rb7 19. Re3 Qc6 20. Rce1 Rb6 21. Kh1 Qd7 22. Na4 Re6 23. Rb3 1-0

[Event "SE-2011-0-00079"]
[Site "LSS email"]
[Date "2011.08.05"]
[Round "?"]
[White "Metz, Larry R"]
[Black "Stringa, Alejandro J"]
[Result "0-1"]
[WhiteElo "1439"]
[BlackElo "1319"]
[PlyCount "98"]
[EventDate "2011.06.24"]
[EventType "tourn (corr)"]
[EventRounds "6"]
[EventCountry "GER"]
[SourceTitle "Telechess CBM 157"]
[Source "ChessBase"]
[SourceDate "2013.11.12"]
[SourceVersion "1"]
[SourceVersionDate "2013.11.12"]
[SourceQuality "1"]

1. d4 Nf6 2. Nf3 e6 3. e3 b6 4. Bd3 Bb7 5. 0-0 c5 6. Nc3 d5 7. Ne5 Nbd7 8. Nxd7 Qxd7 9. Bb5 Bc6 10. Qe2 Bxb5 11. Qxb5 Qxb5 12. Nxb5 Kd7 13. f3 a6 14. Nc3 cxd4 15. exd4 Rc8 16. Rf2 Rc4 17. Be3 Bd6 18. Re2 Rhc8 19. Rc1 Nh5 20. g3 g6 21. Nd1 Ng7 22. g4 h5 23. b3 R4c7 24. Nb2 b5 25. Nd3 b4 26. Kg2 a5 27. Bh6 Ne8 28. h3 hxg4 29. fxg4 Rc6 30. Rf2 f5 31. Bg5 Nc7 32. Bf4 Nb5 33. Be5 Rc3 34. Rd2 Na3 35. gxf5 gxf5 36. Kf2 Nxc2 37. Rg1 Bxe5 38. dxe5 Nd4 39. Rg7+ Kc6 40. Rg3 Kb6 41. Nf4 Rxg3 42. Kxg3 Rc3+ 43. Kg2 Nf3 44. Rd1 Nxe5 45. Nxe6 Ng6 46. Rf1 Re3 47. Nd4 Nh4+ 48. Kh2 Kc5 49. Nxf5 Nxf5 0-1

[Event "SE-2011-0-00079"]
[Site "LSS email"]
[Date "2011.08.05"]
[Round "?"]
[White "Stringa, Alejandro J"]
[Black "Horse, Madera"]
[Result "1-0"]
[WhiteElo "1319"]
[BlackElo "1417"]
[PlyCount "43"]
[EventDate "2011.06.24"]
[EventType "tourn (corr)"]
[EventRounds "6"]
[EventCountry "GER"]
[SourceTitle "Telechess CBM 157"]
[Source "ChessBase"]
[SourceDate "2013.11.12"]
[SourceVersion "1"]
[SourceVersionDate "2013.11.12"]
[SourceQuality "1"]

1. d4 Nf6 2. c4 Nc6 3. Nf3 e6 4. Nc3 Bb4 5. Qc2 d6 6. Bd2 0-0 7. a3 Bxc3 8. Bxc3 Qe7 9. e3 e5 10. d5 Nb8 11. Be2 Nbd7 12. 0-0 Nc5 13. b4 Nce4 14. Bb2 Bg4 15. Bd3 Bxf3 16. gxf3 Ng5 17. Kg2 Rfe8 18. f4 e4 19. Be2 Nf3 20. Bxf3 exf3+ 21. Kxf3 Ne4 22. Rg1 1-0

[Event "SF-2011-0-00097"]
[Site "LSS email"]
[Date "2011.05.28"]
[Round "?"]
[White "Puleston, Tim O"]
[Black "Stringa, Alejandro J"]
[Result "0-1"]
[WhiteElo "1199"]
[BlackElo "1319"]
[PlyCount "58"]
[EventDate "2011.04.12"]
[EventType "tourn (corr)"]
[EventRounds "6"]
[EventCountry "GER"]
[SourceTitle "Telechess CBM 157"]
[Source "ChessBase"]
[SourceDate "2013.11.12"]
[SourceVersion "1"]
[SourceVersionDate "2013.11.12"]
[SourceQuality "1"]

1. d4 Nf6 2. c4 c5 3. Nf3 cxd4 4. Nxd4 Nc6 5. Nxc6 bxc6 6. g3 g6 7. Bg2 Bg7 8. 0-0 0-0 9. Nc3 Qb6 10. Qc2 Rb8 11. b3 d6 12. e4 Rd8 13. Be3 Qa5 14. Rac1 Qh5 15. f3 c5 16. Nd5 Nxd5 17. cxd5 a5 18. Rf2 a4 19. f4 axb3 20. axb3 Bh3 21. Bf3 Bg4 22. Bxg4 Qxg4 23. Kg2 Rb7 24. Rb1 Rdb8 25. e5 Qf5 26. Qxf5 gxf5 27. Rc2 Rxb3 28. Rxb3 Rxb3 29. Bf2 Rd3 0-1

[Event "SF-2011-0-00097"]
[Site "LSS email"]
[Date "2011.05.28"]
[Round "?"]
[White "Stringa, Alejandro J"]
[Black "Hickl, Norbert"]
[Result "1-0"]
[WhiteElo "1319"]
[BlackElo "1286"]
[PlyCount "61"]
[EventDate "2011.04.12"]
[EventType "tourn (corr)"]
[EventRounds "6"]
[EventCountry "GER"]
[SourceTitle "Telechess CBM 157"]
[Source "ChessBase"]
[SourceDate "2013.11.12"]
[SourceVersion "1"]
[SourceVersionDate "2013.11.12"]
[SourceQuality "1"]

1. d4 e6 2. c4 Nf6 3. Nc3 Bb4 4. Bg5 h6 5. Bh4 c5 6. d5 Nxd5 7. Bxd8 Nxc3 8. Qb3 Ne4+ 9. Kd1 Nxf2+ 10. Kc2 Kxd8 11. Qf3 Nxh1 12. Qxf7 Nc6 13. g4 h5 14. Qxg7 Re8 15. Bg2 Nd4+ 16. Kb1 hxg4 17. Bxh1 Kc7 18. a3 Bd2 19. Qxg4 d6 20. Nf3 Be3 21. Qe4 Nf5 22. Nh4 Kd8 23. Ka2 Rb8 24. Rd1 Bd7 25. Rxd6 Kc7 26. Rd3 Bd4 27. e3 Nd6 28. Qg4 e5 29. Qg3 e4 30. exd4 exd3 31. dxc5 1-0

[Event "SE-2011-0-00067"]
[Site "LSS email"]
[Date "2011.02.28"]
[Round "?"]
[White "Stringa, Alejandro J"]
[Black "Shim Ng Min, Francis"]
[Result "1-0"]
[WhiteElo "1157"]
[BlackElo "1129"]
[PlyCount "61"]
[EventDate "2011.01.22"]
[EventType "tourn (corr)"]
[EventRounds "6"]
[EventCountry "GER"]
[SourceTitle "Corr 2013"]
[Source "ChessBase"]
[SourceDate "2012.11.12"]
[SourceVersion "1"]
[SourceVersionDate "2012.11.12"]
[SourceQuality "1"]

1. d4 Nf6 2. c4 e6 3. Nc3 Bb4 4. Bg5 c5 5. d5 h6 6. Bh4 d6 7. e3 Bxc3+ 8. bxc3 e5 9. f3 Nbd7 10. Bd3 Qe7 11. Qb1 Rb8 12. Ne2 g5 13. Bf2 b5 14. cxb5 Nxd5 15. c4 N5f6 16. 0-0 Bb7 17. Ng3 Nb6 18. Nf5 Qf8 19. a4 Bc8 20. a5 Na8 21. Rd1 Bxf5 22. Bxf5 Qe7 23. Qd3 Rd8 24. Qb3 0-0 25. Rdb1 Rb8 26. f4 Nd7 27. fxg5 hxg5 28. e4 f6 29. h4 Rf7 30. Qd3 Nf8 31. Rd1 1-0

[Event "SE-2011-0-00067"]
[Site "LSS email"]
[Date "2011.02.22"]
[Round "?"]
[White "Parente, Antonio Manuel Peix"]
[Black "Stringa, Alejandro J"]
[Result "0-1"]
[WhiteElo "572"]
[BlackElo "1157"]
[PlyCount "42"]
[EventDate "2011.01.22"]
[EventType "tourn (corr)"]
[EventRounds "6"]
[EventCountry "GER"]
[SourceTitle "Telechess CBM 147"]
[Source "ChessBase"]
[SourceDate "2012.03.16"]
[SourceVersion "1"]
[SourceVersionDate "2012.03.16"]
[SourceQuality "1"]

1. e4 c5 2. c3 Nf6 3. Nf3 Nc6 4. d3 d6 5. Be2 e6 6. Be3 Be7 7. 0-0 0-0 8. d4 Nxe4 9. Nbd2 cxd4 10. cxd4 f5 11. Nxe4 fxe4 12. Nd2 d5 13. f3 Bg5 14. Bxg5 Qxg5 15. fxe4 Qe3+ 16. Kh1 Rxf1+ 17. Qxf1 Qxd2 18. Qf2 Qxd4 19. Qf3 Ne5 20. Qc3 Qxe4 21. Re1 Nc6 0-1

[Event "LSS SF-2010-0-00077"]
[Site "LSS email"]
[Date "2010.11.02"]
[Round "?"]
[White "Hilton, Stephen H"]
[Black "Stringa, Alejandro J"]
[Result "0-1"]
[WhiteElo "981"]
[BlackElo "1052"]
[PlyCount "64"]
[EventDate "2010.10.07"]
[EventType "tourn (corr)"]
[EventRounds "6"]
[EventCountry "GER"]
[SourceTitle "Telechess CBM 143"]
[Source "ChessBase"]
[SourceDate "2011.07.15"]
[SourceVersion "1"]
[SourceVersionDate "2011.07.15"]
[SourceQuality "1"]

1. c4 e5 2. Nc3 Nf6 3. Nf3 Nc6 4. g3 Bb4 5. Bg2 0-0 6. 0-0 Re8 7. a3 Bxc3 8. dxc3 d6 9. Bg5 h6 10. Bxf6 Qxf6 11. Nd2 Be6 12. b3 a5 13. b4 Bf5 14. b5 Nd8 15. Ne4 Qg6 16. Nd2 Bc2 17. Qc1 Rb8 18. Ra2 Bf5 19. Qb2 Ne6 20. Kh1 Nc5 21. a4 e4 22. Nb3 Nxb3 23. Qxb3 e3 24. f3 Re5 25. Raa1 Rc5 26. f4 Bc2 27. Qa2 Be4 28. Bf3 Re8 29. Rad1 Bxf3+ 30. Rxf3 Qe4 31. Rd4 Qxf3+ 32. exf3 e2 0-1

[Event "LSS RF-2010-0-00057"]
[Site "LSS email"]
[Date "2010.09.23"]
[Round "?"]
[White "Babos, Istvan"]
[Black "Stringa, Alejandro J"]
[Result "0-1"]
[WhiteElo "1118"]
[BlackElo "1036"]
[PlyCount "74"]
[EventDate "2010.07.28"]
[EventType "tourn (corr)"]
[EventRounds "6"]
[EventCountry "GER"]
[SourceTitle "Telechess CBM 143"]
[Source "ChessBase"]
[SourceDate "2011.07.15"]
[SourceVersion "1"]
[SourceVersionDate "2011.07.15"]
[SourceQuality "1"]

1. d4 d5 2. Nf3 Nf6 3. c4 e6 4. Nc3 c6 5. e3 Nbd7 6. Bd2 Be7 7. Bd3 0-0 8. 0-0 dxc4 9. Bxc4 b5 10. Be2 Bb7 11. a3 a6 12. b4 Nb6 13. Qc2 Nbd5 14. Bd3 h6 15. Rfd1 Nxc3 16. Bxc3 Nd5 17. Ne5 Qc7 18. Bd2 Bf6 19. e4 Bxe5 20. dxe5 Ne7 21. Qc5 Rfd8 22. Be2 Ng6 23. f4 Rac8 24. Be3 Rxd1+ 25. Rxd1 Rd8 26. Rxd8+ Qxd8 27. Qd6 Qe7 28. Bh5 Qh4 29. Qb8+ Kh7 30. Bf2 Qxh5 31. h3 Qd1+ 32. Kh2 Qd7 33. Bg3 Ne7 34. Qd6 Bc8 35. Qxd7 Bxd7 36. Bf2 g5 37. fxg5 hxg5 0-1

[Event "LSS SF-2010-0-00063"]
[Site "LSS email"]
[Date "2010.07.22"]
[Round "?"]
[White "Slavin, Pablo"]
[Black "Stringa, Alejandro J"]
[Result "0-1"]
[WhiteElo "1045"]
[BlackElo "1119"]
[PlyCount "114"]
[EventDate "2010.06.08"]
[EventType "tourn (corr)"]
[EventRounds "6"]
[EventCountry "GER"]
[SourceTitle "Telechess CBM 143"]
[Source "ChessBase"]
[SourceDate "2011.07.15"]
[SourceVersion "1"]
[SourceVersionDate "2011.07.15"]
[SourceQuality "1"]

1. d4 d5 2. c4 e6 3. Nf3 Nf6 4. g3 Be7 5. Bg2 0-0 6. 0-0 dxc4 7. Ne5 c5 8. dxc5 Qc7 9. Nxc4 Qxc5 10. Qc2 Nc6 11. Be3 Qh5 12. h3 Nd5 13. Nc3 Nxe3 14. Nxe3 Nd4 15. Qd1 e5 16. g4 Qg6 17. Ncd5 Bg5 18. f4 exf4 19. Nxf4 Qb6 20. Kh1 Ne6 21. Ned5 Qxb2 22. Nxe6 Bxe6 23. e4 Qe5 24. Rb1 b6 25. Qf3 Rac8 26. Rb5 Qd6 27. Rd1 Rc1 28. Rxc1 Bxc1 29. Qd1 Bf4 30. Nxf4 Qxf4 31. a4 Rc8 32. Rb1 Qe5 33. Qd2 Qc3 34. Rd1 Qxd2 35. Rxd2 g6 36. Rd4 Rc4 37. Rxc4 Bxc4 38. e5 Kf8 39. Be4 Ke7 40. Kg2 Ke6 41. Kf3 Kxe5 42. Ke3 Bb3 43. Bc6 f5 44. gxf5 gxf5 45. Bb5 f4+ 46. Kf2 Bd5 47. Bd3 h6 48. Bb5 f3 49. Bd7 Kd4 50. Bg4 Kc3 51. h4 Kb4 52. Bd7 a6 53. Ke3 b5 54. axb5 axb5 55. Bg4 Kc3 56. Bxf3 Bxf3 57. Kxf3 b4 0-1

[Event "LSS SF-2010-0-00063"]
[Site "LSS email"]
[Date "2010.07.22"]
[Round "?"]
[White "Stringa, Alejandro J"]
[Black "Sukhanitskij, Stanislav"]
[Result "0-1"]
[WhiteElo "1110"]
[BlackElo "1216"]
[PlyCount "36"]
[EventDate "2010.06.08"]
[EventType "tourn (corr)"]
[EventRounds "6"]
[EventCountry "GER"]
[SourceTitle "Telechess CBM 143"]
[Source "ChessBase"]
[SourceDate "2011.07.15"]
[SourceVersion "1"]
[SourceVersionDate "2011.07.15"]
[SourceQuality "1"]

1. d4 d5 2. c4 c6 3. Nf3 dxc4 4. e3 b5 5. a4 e6 6. b3 Bb4+ 7. Bd2 Bxd2+ 8. Nbxd2 c3 9. Ne4 b4 10. Nc5 Nf6 11. Nd3 a5 12. Nfe5 Nbd7 13. Nxc6 Qc7 14. Nde5 Nxe5 15. Nxe5 c2 16. Qc1 Qc3+ 17. Ke2 Qxb3 18. Ra3 bxa3 0-1

[Event "LSS SF-2010-0-00063"]
[Site "LSS email"]
[Date "2010.07.20"]
[Round "?"]
[White "Raines, David T"]
[Black "Stringa, Alejandro J"]
[Result "1-0"]
[WhiteElo "1067"]
[BlackElo "1088"]
[PlyCount "27"]
[EventDate "2010.06.08"]
[EventType "tourn (corr)"]
[EventRounds "6"]
[EventCountry "GER"]
[SourceTitle "Corr 2013"]
[Source "ChessBase"]
[SourceDate "2012.11.12"]
[SourceVersion "1"]
[SourceVersionDate "2012.11.12"]
[SourceQuality "1"]
[WhiteTeam "US of America"]
[BlackTeam "US of America"]
[WhiteTeamCountry "USA"]
[BlackTeamCountry "USA"]

1. Nf3 Nf6 2. d4 g6 3. c4 c5 4. g3 Bg7 5. Bg2 0-0 6. 0-0 cxd4 7. Nxd4 Nc6 8. Nc3 d6 9. Nxc6 bxc6 10. Bxc6 Rb8 11. Bg2 Ba6 12. Qa4 Qb6 13. Rb1 Nd7 14. Qxd7 1-0

[Event "LSS SF-2010-0-00063"]
[Site "LSS email"]
[Date "2010.07.18"]
[Round "?"]
[White "Lauer, Fredric"]
[Black "Stringa, Alejandro J"]
[Result "1/2-1/2"]
[WhiteElo "991"]
[BlackElo "1110"]
[PlyCount "62"]
[EventDate "2010.06.08"]
[EventType "tourn (corr)"]
[EventRounds "6"]
[EventCountry "GER"]
[SourceTitle "Telechess CBM 143"]
[Source "ChessBase"]
[SourceDate "2011.07.15"]
[SourceVersion "1"]
[SourceVersionDate "2011.07.15"]
[SourceQuality "1"]

1. e4 c6 2. Nc3 d5 3. Qf3 dxe4 4. Nxe4 Nd7 5. Qe3 e6 6. Nf3 Ngf6 7. d4 Be7 8. c3 0-0 9. Bd3 Qc7 10. Nxf6+ Nxf6 11. Qf4 Qxf4 12. Bxf4 c5 13. dxc5 Bxc5 14. 0-0 Rd8 15. Bc2 b5 16. Rad1 Bb7 17. Rxd8+ Rxd8 18. Rd1 Rxd1+ 19. Bxd1 Ne4 20. Bg3 Nxg3 21. hxg3 Bd5 22. b4 Bb6 23. a3 f6 24. Nd4 a6 25. Kf1 Bxd4 26. cxd4 Kf7 27. f3 Ke7 28. g4 Bc4+ 29. Kf2 Kd6 30. Ke3 Kd5 31. g3 h6 1/2-1/2

[Event "LSS SF-2010-0-00059"]
[Site "LSS email"]
[Date "2010.06.09"]
[Round "?"]
[White "Stringa, Alejandro J"]
[Black "Fuller, Christopher"]
[Result "1-0"]
[WhiteElo "1114"]
[BlackElo "859"]
[PlyCount "115"]
[EventDate "2010.05.14"]
[EventType "tourn (corr)"]
[EventRounds "6"]
[EventCountry "GER"]
[SourceTitle "Telechess CBM 141"]
[Source "ChessBase"]
[SourceDate "2011.03.17"]
[SourceVersion "1"]
[SourceVersionDate "2011.03.17"]
[SourceQuality "1"]

1. d4 d5 2. c4 dxc4 3. Nf3 e6 4. e3 Bd6 5. Bxc4 Nf6 6. Nc3 Nc6 7. 0-0 0-0 8. Qe2 Qe7 9. e4 e5 10. Bg5 exd4 11. Nd5 Qd8 12. Rad1 Bg4 13. Qd3 Be7 14. Nxe7+ Qxe7 15. Rfe1 Rad8 16. e5 Bxf3 17. Qxf3 Qc5 18. exf6 Qxg5 19. fxg7 Qxg7 20. Qe4 Qg6 21. Qf4 Rd6 22. Rd3 Qf6 23. Qxf6 Rxf6 24. Bd5 h5 25. Bxc6 bxc6 26. Rxd4 c5 27. Rd7 Rd6 28. Rxc7 a5 29. Rxc5 a4 30. Rg5+ Kh7 31. Rxh5+ Rh6 32. Rxh6+ Kxh6 33. Re4 Ra8 34. h4 a3 35. b3 f5 36. Ra4 Rd8 37. Rxa3 f4 38. Kh2 Rd2 39. b4 Rxf2 40. Rf3 Rxa2 41. Rxf4 Kg6 42. Kh3 Ra3+ 43. Kg4 Ra2 44. g3 Rg2 45. b5 Kg7 46. Rb4 Re2 47. b6 Re6 48. b7 Re8 49. b8Q Rxb8 50. Rxb8 Kf6 51. Rb5 Kf7 52. Kf5 Kf8 53. Rb7 Ke8 54. h5 Kf8 55. h6 Kg8 56. Kf6 Kh8 57. Kg6 Kg8 58. Rb8# 1-0

[Event "LSS No Engine Cup 22 Preliminary 5"]
[Site "LSS email"]
[Date "2010.05.19"]
[Round "?"]
[White "Jones, Ian Robert"]
[Black "Stringa, Alejandro J"]
[Result "0-1"]
[WhiteElo "1561"]
[BlackElo "1154"]
[PlyCount "62"]
[EventDate "2010.05.20"]
[EventType "tourn (corr)"]
[EventRounds "6"]
[EventCountry "GER"]
[SourceTitle "Telechess CBM 141"]
[Source "ChessBase"]
[SourceDate "2011.03.17"]
[SourceVersion "1"]
[SourceVersionDate "2011.03.17"]
[SourceQuality "1"]

1. e4 e5 2. Bc4 Nf6 3. d3 Bc5 4. Nf3 d6 5. c3 Nc6 6. 0-0 0-0 7. b4 Bb6 8. a4 a6 9. Ba3 Be6 10. Nbd2 Re8 11. Bxe6 Rxe6 12. Nc4 Ba7 13. b5 axb5 14. axb5 Nb8 15. Ng5 Re8 16. b6 Bxb6 17. Nxb6 cxb6 18. Qb3 d5 19. Be7 Qxe7 20. Rxa8 h6 21. Nf3 dxe4 22. dxe4 Nxe4 23. Re1 Nc5 24. Qxb6 f6 25. Qb5 Nbd7 26. Ra7 Qd6 27. Nd4 Rc8 28. Qc4+ Kh8 29. Nf5 Qf8 30. Rd1 Na6 31. Qg4 Ndc5 0-1